| 000 | 00428nam a22001577a 4500 | ||
|---|---|---|---|
| 003 | OSt | ||
| 005 | 20140311134813.0 | ||
| 008 | 130608t xxu||||| |||| 00| 0 eng d | ||
| 050 |
_aSF 421 _b.H236 1982 |
||
| 082 |
_aM 636.7 _bH19 1982 |
||
| 245 | _aHandbook of dog care. / | ||
| 260 |
_aSt. Louis, Missouri : _bRalston Purina Company, _c1982 |
||
| 300 |
_a104 p. : _bill. ; _c18 cm. |
||
| 942 |
_2lcc _cBK _kM |
||
| 999 |
_c35863 _d35863 |
||